| 000 | 00361nam a2200145Ia 4500 | ||
|---|---|---|---|
| 008 | 150201s2010 xx 000 0 und d | ||
| 082 |
_a610.7068 _bG10S |
||
| 100 | _aSREEVANI, R. | ||
| 245 | 2 | _aA GUIDE TO MENTAL HEALTH & PSYCHIATRIC NIRSING | |
| 250 | _a3RD | ||
| 260 |
_bJAYPEE _aINDIA _c2010 |
||
| 300 | _a389 | ||
| 650 | _aPSYCHIATRY | ||
| 942 |
_2ddc _cBK _0108 |
||
| 999 |
_c2186 _d2186 |
||